[Event "9th NATO Chess Championship"]
[Site "Portsmouth"]
[Date "1998.10.05"]
[Round "1"]
[White "Benedetti, Fabrizio"]
[Black "Nielsen, Niels Kristian"]
[Result "1-0"]
[WhiteElo "2200"]
[BlackElo "1899"]
[PlyCount "109"]
[EventDate "1998.10.??"]
[EventType "swiss"]
[EventRounds "7"]
[EventCountry "ENG"]
[SourceDate "2005.09.12"]

1. e4 e6 2. d3 d5 3. Nd2 c5 4. Ngf3 Nc6 5. g3 Nf6 6. Bg2 Be7 7. O-O O-O 8. Re1
b6 9. e5 Nd7 10. Nf1 f6 11. exf6 Nxf6 12. Bh3 Qd6 13. Bf4 e5 14. Bxc8 exf4 15.
Bh3 Rfe8 16. Ng5 Nd8 17. Ne6 Nxe6 18. Rxe6 Qc7 19. Qe2 Bd6 20. Re1 Rxe6 21.
Qxe6+ Kh8 22. Bg2 Rd8 23. Bxd5 h6 24. Be4 Re8 25. Qh3 c4 26. Qg2 cxd3 27. cxd3
Bc5 28. Qf3 fxg3 29. Nxg3 Rd8 30. Bf5 Qd6 31. Re2 Qd4 32. Bg6 Qh4 33. Nf5 Qg5+
34. Qg2 Qc1+ 35. Qf1 Qg5+ 36. Qg2 Ng4 37. Ne3 Nxe3 38. Rxe3 Bxe3 39. Qxg5 hxg5
40. fxe3 Rc8 41. d4 Rc1+ 42. Kg2 Rd1 43. Kg3 Rd2 44. Kg4 Kg8 45. Kf5 Rxh2 46.
d5 Kf8 47. d6 Rxb2 48. e4 Rxa2 49. e5 Rd2 50. Ke6 g4 51. Kd7 g3 52. e6 Re2 53.
e7+ Kg8 54. Kc8 g2 55. d7 1-0

[Event "9th NATO Chess Championship"]
[Site "Portsmouth"]
[Date "1998.10.05"]
[Round "1"]
[White "Brokenshire, Laurie"]
[Black "Toumaniantz, Rouslan"]
[Result "0-1"]
[WhiteElo "1800"]
[BlackElo "2090"]
[PlyCount "40"]
[EventDate "1998.10.??"]
[EventType "swiss"]
[EventRounds "7"]
[EventCountry "ENG"]
[SourceDate "2005.09.12"]

1. e4 c6 2. d4 d5 3. Nc3 dxe4 4. Nxe4 Nd7 5. Nf3 Ngf6 6. Bd3 Nxe4 7. Bxe4 Nf6
8. Bd3 Bg4 9. c3 e6 10. Bg5 Qd5 11. Be2 Bxf3 12. Bxf3 Qxg5 13. Qb3 O-O-O 14.
O-O h5 15. Qa4 Kb8 16. b4 Bd6 17. h3 Qf4 18. Rfe1 Nd5 19. Qb3 Qh2+ 20. Kf1 Nf4
0-1

[Event "9th NATO Chess Championship"]
[Site "Portsmouth"]
[Date "1998.10.05"]
[Round "1"]
[White "Charles, Freddy"]
[Black "Nielsen, Jan Mose"]
[Result "0-1"]
[WhiteElo "1789"]
[BlackElo "2065"]
[PlyCount "54"]
[EventDate "1998.10.??"]
[EventType "swiss"]
[EventRounds "7"]
[EventCountry "ENG"]
[SourceDate "2005.09.12"]

1. d4 f5 2. Bg5 c6 3. c4 Nf6 4. Bxf6 exf6 5. e3 Bb4+ 6. Nc3 O-O 7. Qb3 Bxc3+ 8.
bxc3 d6 9. Bd3 Qe7 10. Ne2 g6 11. O-O Kg7 12. Rab1 Nd7 13. Ng3 Qe6 14. Rfe1 h5
15. d5 Qe7 16. Bxf5 Nc5 17. Qc2 Bxf5 18. Nxf5+ gxf5 19. Qxf5 Qe5 20. Qc2 Rf7
21. e4 Rg8 22. Re3 Kh8 23. Rbe1 h4 24. Rh3 Qg5 25. g3 Qg4 26. Kg2 Rh7 27. f3
Qxh3+ 0-1

[Event "9th NATO Chess Championship"]
[Site "Portsmouth"]
[Date "1998.10.05"]
[Round "1"]
[White "Costales, Charles"]
[Black "Brameld, Arthur"]
[Result "1/2-1/2"]
[WhiteElo "1890"]
[BlackElo "2115"]
[PlyCount "82"]
[EventDate "1998.10.??"]
[EventType "swiss"]
[EventRounds "7"]
[EventCountry "ENG"]
[SourceDate "2005.09.12"]

1. d4 Nf6 2. c4 c5 3. Nf3 cxd4 4. Nxd4 Nc6 5. Nc3 g6 6. g3 Bg7 7. Nxc6 bxc6 8.
Bg2 O-O 9. O-O Rb8 10. Qc2 e5 11. e4 d6 12. h3 Be6 13. b3 Qc8 14. Kh2 Rd8 15.
Bg5 h6 16. Bxf6 Bxf6 17. Rad1 Qb7 18. Rd3 Qb4 19. Rfd1 Kg7 20. Ne2 a5 21. Nc3
Be7 22. Qe2 a4 23. Rb1 axb3 24. axb3 Rd7 25. Qc2 Ra7 26. Bf1 Ra3 27. Na2 Qa5
28. Rd2 Raxb3 29. Rxb3 Rxb3 30. Bd3 Ra3 31. Qb2 Kh7 32. Bf1 Bg5 33. Rc2 Ra4 34.
Kg2 d5 35. h4 Bf6 36. Nc3 Rb4 37. Qa2 Qxa2 38. Nxa2 Ra4 39. Nc3 Ra3 40. exd5
Bf5 41. Rc1 cxd5 1/2-1/2

[Event "9th NATO Chess Championship"]
[Site "Portsmouth"]
[Date "1998.10.05"]
[Round "1"]
[White "De Cat, Ben"]
[Black "Molin, Fabio"]
[Result "1-0"]
[WhiteElo "2075"]
[BlackElo "1800"]
[PlyCount "95"]
[EventDate "1998.10.??"]
[EventType "swiss"]
[EventRounds "7"]
[EventCountry "ENG"]
[SourceDate "2005.09.12"]

1. g4 e5 2. Bg2 d5 3. h3 Nc6 4. c4 Be6 5. cxd5 Bxd5 6. Nf3 Nge7 7. Nc3 Be6 8.
Ng5 Nd5 9. Nxe6 fxe6 10. e3 Ndb4 11. Bxc6+ bxc6 12. a3 Nd3+ 13. Ke2 Be7 14. Qc2
O-O 15. Ne4 Nxc1+ 16. Raxc1 c5 17. Qc4 Qd5 18. Qxd5 exd5 19. Nxc5 Bd6 20. Nb7
e4 21. Nxd6 cxd6 22. Rc6 Rf6 23. g5 Rg6 24. h4 h6 25. Rg1 h5 26. Rgc1 Re6 27.
Rc8+ Re8 28. Rxe8+ Rxe8 29. Rc7 Ra8 30. Rd7 Rb8 31. b4 a5 32. bxa5 Ra8 33. Rxd6
Rxa5 34. f4 Kf8 35. f5 Ke7 36. Re6+ Kf8 37. f6 Rxa3 38. fxg7+ Kxg7 39. Rh6 Ra1
40. Rxh5 Rh1 41. Rh6 Rh2+ 42. Kd1 Rg2 43. Kc2 Kf7 44. Kc3 Ke7 45. g6 Kf6 46. h5
Kg7 47. Rh7+ Kg8 48. Rd7 1-0

[Event "9th NATO Chess Championship"]
[Site "Portsmouth"]
[Date "1998.10.05"]
[Round "1"]
[White "Donati, Roberto"]
[Black "Zill, Christoph"]
[Result "1-0"]
[WhiteElo "2194"]
[BlackElo "2500"]
[PlyCount "44"]
[EventDate "1998.10.??"]
[EventType "swiss"]
[EventRounds "7"]
[EventCountry "ENG"]
[SourceDate "2005.09.12"]

1. d4 f5 2. Nf3 Nf6 3. g3 g6 4. Bg2 Bg7 5. O-O O-O 6. c3 d6 7. Qb3+ d5 8. Ne5
Nc6 9. Nxc6 bxc6 10. Nd2 Ba6 11. Re1 Kh8 12. Qa4 Bb7 13. Nb3 Nd7 14. Na5 Nb6
15. Qa3 Rb8 16. Bf4 Re8 17. Qc5 Qd7 18. f3 e5 19. Bxe5 Bxe5 20. dxe5 Rxe5 21.
e4 fxe4 22. Nxb7 Rxb7 1-0

[Event "9th NATO Chess Championship"]
[Site "Portsmouth"]
[Date "1998.10.05"]
[Round "1"]
[White "Dunlop, Chris"]
[Black "Kesmaecker, Philippe"]
[Result "1/2-1/2"]
[WhiteElo "1952"]
[BlackElo "2295"]
[Annotator "Kesmaecker,P"]
[PlyCount "117"]
[EventDate "1998.10.??"]
[EventType "swiss"]
[EventRounds "7"]
[EventCountry "ENG"]
[SourceDate "2005.09.12"]

1. e4 c5 2. Nf3 e6 3. d4 cxd4 4. Nxd4 a6 5. Bd3 Nf6 6. O-O d6 7. c4 g6 8. Bg5
Bg7 9. Nc3 h6 10. Be3 Nbd7 11. Rc1 b6 12. f3 Bb7 13. Qd2 Ne5 14. Be2 g5 15.
Rfd1 Qc7 16. Ndb5 axb5 17. Nxb5 Qe7 18. Nxd6+ Kf8 19. Bxb6 Kg8 20. a3 Bc6 21.
Nb5 Kh7 22. Kh1 Qb7 23. Qe3 Nfd7 24. Bd4 Rhb8 25. Qc3 f6 26. Rc2 Nxc4 27. Qxc4
Bxb5 28. Qxe6 Bxe2 29. Rxe2 Rd8 30. Red2 Kh8 31. Bc3 Ra7 32. Qe7 Qc7 33. Rd6
Kg8 34. Bxf6 Nxf6 35. Qxd8+ Qxd8 36. Rxd8+ Kh7 37. e5 Nh5 38. R8d7 Ra5 39. Re1
Kg6 40. e6 Bxb2 41. e7 Ng7 42. e8=Q+ Nxe8 43. Rxe8 Rxa3 44. h4 gxh4 45. Re6+
Kf5 46. Re1 Bf6 47. Kh2 Ra5 48. Kh3 Bg5 49. Red1 Ra2 50. R7d5+ Kg6 51. Rb5 Ra4
52. Rd6+ Kh5 53. Rf6 Ra1 (53... Ra5 54. g4+ hxg3 55. Rxa5 $18) 54. Kh2 h3 55.
g3 (55. g4+ Kh4 56. Rxh6+ Bxh6 57. Rh5#) 55... Ra2+ 56. Kg1 Ra1+ 57. Kh2 Ra2+
58. Kh1 Ra1+ 59. Kh2 1/2-1/2

[Event "9th NATO Chess Championship"]
[Site "Portsmouth"]
[Date "1998.10.05"]
[Round "1"]
[White "Falbo, Sandro"]
[Black "Wagenaar, Harm Theo"]
[Result "0-1"]
[WhiteElo "2100"]
[BlackElo "1877"]
[PlyCount "102"]
[EventDate "1998.10.??"]
[EventType "swiss"]
[EventRounds "7"]
[EventCountry "ENG"]
[SourceDate "2005.09.12"]

1. e4 d5 2. exd5 Qxd5 3. Nc3 Qa5 4. d4 Nf6 5. Nf3 Bf5 6. Bc4 e6 7. Ne5 c6 8.
Qe2 Bb4 9. Bd2 Nbd7 10. a3 Nxe5 11. dxe5 Nd5 12. Bxd5 exd5 13. O-O Bxc3 14.
Bxc3 Qc7 15. Bb4 O-O-O 16. Bd6 Qb6 17. b4 Rhe8 18. Qf3 Be6 19. a4 Qd4 20. Rfe1
b6 21. a5 Kb7 22. Qa3 Ra8 23. Rad1 Qc4 24. Ra1 Qd4 25. a6+ Kc8 26. Qg3 Qg4 27.
Qc3 Kd7 28. Rad1 Rac8 29. h3 Qh4 30. Rd4 Qh5 31. Qd2 Qg6 32. Rd3 h5 33. Rg3 Qh7
34. c4 h4 35. Rge3 g5 36. b5 c5 37. cxd5 Bf5 38. Qc3 g4 39. hxg4 Bxg4 40. Qc4
Qg6 41. Qf4 Rg8 42. Qh2 h3 43. Rg3 Qh5 44. Ree3 Bf5 45. Re1 Rxg3 46. Qxg3 hxg2
47. Kxg2 Rh8 48. e6+ fxe6 49. Be5 Rh7 50. dxe6+ Bxe6 51. Qd3+ Kc8 0-1

[Event "9th NATO Chess Championship"]
[Site "Portsmouth"]
[Date "1998.10.05"]
[Round "1"]
[White "Geddis, Dick"]
[Black "Geberl, Hans Walter"]
[Result "0-1"]
[WhiteElo "1885"]
[BlackElo "2100"]
[PlyCount "41"]
[EventDate "1998.10.??"]
[EventType "swiss"]
[EventRounds "7"]
[EventCountry "ENG"]
[SourceDate "2005.09.12"]

1. e4 g6 2. d4 Bg7 3. Be3 c5 4. Nf3 Nc6 5. Nc3 cxd4 6. Nxd4 Nf6 7. f3 O-O 8.
Bc4 Qb6 9. Bb3 Nxe4 10. Nd5 Qa5+ 11. c3 Nc5 12. Nxc6 dxc6 13. Nxe7+ Kh8 14.
Nxc8 Raxc8 15. O-O Rcd8 16. Qe2 Rfe8 17. Rad1 f5 18. Rxd8 Qxd8 19. Qd1 Nd3 20.
Bxa7 c5 21. Bf7 0-1

[Event "9th NATO Chess Championship"]
[Site "Portsmouth"]
[Date "1998.10.05"]
[Round "1"]
[White "Grund"]
[Black "Horchner, Mark"]
[Result "1-0"]
[WhiteElo "2340"]
[BlackElo "2022"]
[PlyCount "63"]
[EventDate "1998.10.??"]
[EventType "swiss"]
[EventRounds "7"]
[EventCountry "ENG"]
[SourceDate "2005.09.12"]

1. e4 c5 2. Nf3 Nc6 3. Bb5 e6 4. O-O Nge7 5. Re1 Nd4 6. Ba4 Nec6 7. c3 Nxf3+ 8.
Qxf3 Be7 9. Qg3 O-O 10. d4 Bh4 11. Qd3 cxd4 12. cxd4 Qb6 13. Be3 Qxb2 14. Nd2
Qb4 15. Bc2 g6 16. Rab1 Qe7 17. Bh6 Bxf2+ 18. Kxf2 Qh4+ 19. Kg1 Qxh6 20. e5 f6
21. Ba4 fxe5 22. dxe5 Qf4 23. Bxc6 dxc6 24. Rf1 Qxe5 25. Rxf8+ Kxf8 26. Qd8+
Kg7 27. Rf1 Qc5+ 28. Kh1 b6 29. Ne4 Qb4 30. Ng5 Kh6 31. Nf7+ Kg7 32. Qh8# 1-0

[Event "9th NATO Chess Championship"]
[Site "Portsmouth"]
[Date "1998.10.05"]
[Round "1"]
[White "Hammond, Andrew JC"]
[Black "Nielsen, Finn"]
[Result "1-0"]
[WhiteElo "2280"]
[BlackElo "1925"]
[PlyCount "65"]
[EventDate "1998.10.??"]
[EventType "swiss"]
[EventRounds "7"]
[EventCountry "ENG"]
[SourceDate "2005.09.12"]

1. d4 d5 2. Nf3 Nf6 3. c4 e6 4. Nc3 c6 5. cxd5 exd5 6. Qc2 Be6 7. Bg5 Nbd7 8.
e3 Bd6 9. Bd3 h6 10. Bf4 Qa5 11. O-O g5 12. Bg3 Bxg3 13. fxg3 Ng4 14. Rae1
O-O-O 15. Nb5 Kb8 16. b4 Qb6 17. Nc3 Qc7 18. Bf5 Nb6 19. Nd2 h5 20. Bxe6 fxe6
21. Qg6 Rdg8 22. Qxe6 Nxh2 23. Kxh2 h4 24. Qe5 hxg3+ 25. Kxg3 Qxe5+ 26. dxe5
Nd7 27. e6 Ne5 28. Rf5 Nd3 29. Rd1 Nxb4 30. Nf3 Nc2 31. Rf7 g4 32. Nd4 Nxe3 33.
Rb1 1-0

[Event "9th NATO Chess Championship"]
[Site "Portsmouth"]
[Date "1998.10.05"]
[Round "1"]
[White "Koopmeiners, Karl"]
[Black "Baudin, Frederic"]
[Result "0-1"]
[WhiteElo "1913"]
[BlackElo "2205"]
[PlyCount "34"]
[EventDate "1998.10.??"]
[EventType "swiss"]
[EventRounds "7"]
[EventCountry "ENG"]
[SourceDate "2005.09.12"]

1. d4 d5 2. c4 e5 3. dxe5 d4 4. Nf3 Nc6 5. g3 Be6 6. b3 Bb4+ 7. Bd2 Bxd2+ 8.
Nbxd2 Nge7 9. Bg2 Ng6 10. Rc1 O-O 11. O-O Qe7 12. c5 Rad8 13. a3 Bd5 14. Qc2
Ngxe5 15. b4 a6 16. Rcd1 d3 17. exd3 Bxf3 0-1

[Event "9th NATO Chess Championship"]
[Site "Portsmouth"]
[Date "1998.10.05"]
[Round "1"]
[White "Kruml, (VS)."]
[Black "Maxia, Giuseppe"]
[Result "1-0"]
[WhiteElo "2116"]
[BlackElo "1900"]
[PlyCount "79"]
[EventDate "1998.10.??"]
[EventType "swiss"]
[EventRounds "7"]
[EventCountry "ENG"]
[SourceDate "2005.09.12"]

1. e4 c5 2. Nf3 e6 3. Qe2 Nc6 4. g3 g6 5. Bg2 Bg7 6. c3 Nge7 7. O-O Qc7 8. Re1
O-O 9. Na3 a6 10. Nc2 d5 11. d3 dxe4 12. dxe4 b6 13. h4 h5 14. Bg5 Bb7 15. e5
Nf5 16. Rad1 Nce7 17. Ne3 Nxe3 18. Qxe3 Nf5 19. Qf4 Rae8 20. Nd2 Bxg2 21. Kxg2
f6 22. exf6 Qxf4 23. Bxf4 Bxf6 24. Be5 Bxe5 25. Rxe5 Nh6 26. Nf3 Ng4 27. Re2
Rf5 28. Ng5 e5 29. f3 Nf6 30. Rd6 Rb8 31. Red2 e4 32. fxe4 Rxg5 33. hxg5 Nxe4
34. Rd8+ Rxd8 35. Rxd8+ Kf7 36. Rb8 b5 37. Rb6 Nxg5 38. Rxa6 Ne6 39. Rb6 Kf6
40. Rxb5 1-0

[Event "9th NATO Chess Championship"]
[Site "Portsmouth"]
[Date "1998.10.05"]
[Round "1"]
[White "McAleer, Jeffrey"]
[Black "Hamann, Carsten"]
[Result "0-1"]
[WhiteElo "1900"]
[BlackElo "2148"]
[PlyCount "68"]
[EventDate "1998.10.??"]
[EventType "swiss"]
[EventRounds "7"]
[EventCountry "ENG"]
[SourceDate "2005.09.12"]

1. e4 Nf6 2. e5 Nd5 3. d4 d6 4. Nf3 Bg4 5. Be2 e6 6. O-O Be7 7. c4 Nb6 8. h3
Bh5 9. Be3 O-O 10. Nc3 a5 11. Nd2 Bxe2 12. Qxe2 d5 13. c5 N6d7 14. b3 Nc6 15.
f4 b6 16. cxb6 cxb6 17. a3 Re8 18. f5 Ndxe5 19. dxe5 d4 20. f6 dxe3 21. Qg4 Bf8
22. Nf3 g6 23. Qh4 Qb8 24. Qg3 Rd8 25. Ne4 Rd5 26. Nfg5 Qxe5 27. Qh4 h6 28.
Nxf7 Kxf7 29. Rac1 Rc8 30. Rfd1 e2 31. Rxd5 Qxd5 32. Nf2 Qd2 33. Rxc6 e1=Q+ 34.
Kh2 Bd6+ 0-1

[Event "9th NATO Chess Championship"]
[Site "Portsmouth"]
[Date "1998.10.05"]
[Round "1"]
[White "Messina"]
[Black "Engelen, Johan"]
[Result "0-1"]
[WhiteElo "2090"]
[BlackElo "1847"]
[PlyCount "110"]
[EventDate "1998.10.??"]
[EventType "swiss"]
[EventRounds "7"]
[EventCountry "ENG"]
[SourceDate "2005.09.12"]

1. e4 c5 2. Ne2 Nc6 3. c4 Nf6 4. Nbc3 d6 5. g3 g6 6. Bg2 Bg7 7. O-O O-O 8. h3
Bd7 9. f4 Qc8 10. Kh2 Ne8 11. d3 Nd4 12. Be3 Rb8 13. Bxd4 cxd4 14. Nb5 Qc5 15.
Na3 Nc7 16. Qd2 Na6 17. Nc2 b5 18. b4 Qb6 19. cxb5 Bxb5 20. a4 Bd7 21. Rfb1 e5
22. b5 Nc5 23. Nb4 Qa5 24. Qd1 Rfc8 25. Nd5 Kf8 26. Nc1 Be6 27. Nb4 Bd7 28. Bf3
Qc7 29. Nd5 Qd8 30. Rb2 exf4 31. Nxf4 Be5 32. Nce2 Ne6 33. Bg4 Ng5 34. Bxd7
Qxd7 35. Qf1 d5 36. exd5 a6 37. Qg2 axb5 38. h4 bxa4 39. Rxb8 Rxb8 40. hxg5 Rb2
41. Qe4 Bxf4 42. Re1 Be3 43. Qe5 Qg4 44. Qd6+ Ke8 45. Qc6+ Qd7 46. Kg2 Qxc6 47.
dxc6 Kd8 48. Kf3 a3 49. Ra1 a2 50. Nf4 Bd2 51. Nd5 Bc3 52. Rh1 Rb5 53. Nxc3
dxc3 54. c7+ Kxc7 55. Rc1 Rb1 0-1

[Event "9th NATO Chess Championship"]
[Site "Portsmouth"]
[Date "1998.10.05"]
[Round "1"]
[White "Nielsen, K."]
[Black "Ludden, Gert Jan"]
[Result "0-1"]
[WhiteElo "1925"]
[BlackElo "2224"]
[PlyCount "126"]
[EventDate "1998.10.??"]
[EventType "swiss"]
[EventRounds "7"]
[EventCountry "ENG"]
[SourceDate "2005.09.12"]

1. d4 Nf6 2. Bf4 d5 3. Nf3 g6 4. Nbd2 Bg7 5. h3 O-O 6. e3 c5 7. c3 Nc6 8. Bd3
Nd7 9. O-O e5 10. Nxe5 Ndxe5 11. dxe5 Nxe5 12. Be2 Be6 13. Nf3 Nxf3+ 14. Bxf3
Qd7 15. Qd3 Rad8 16. Rfd1 Qa4 17. b3 Qa5 18. b4 cxb4 19. cxb4 Qa4 20. Rac1 Rd7
21. Qc2 Qxb4 22. Rb1 Qa5 23. g4 h6 24. a4 a6 25. Rdc1 d4 26. exd4 Rxd4 27. Qc7
Qxa4 28. Be3 Rd7 29. Qb6 Rfd8 30. Bxb7 Rd1+ 31. Rxd1 Rxd1+ 32. Kg2 Rxb1 33.
Qxb1 Qb5 34. Qxb5 axb5 35. Be4 b4 36. Bb1 b3 37. Kf1 Kf8 38. Ke2 Ke7 39. Kd3 h5
40. f3 hxg4 41. hxg4 f5 42. g5 f4 43. Bc5+ Kf7 44. Ke2 Be5 45. Bb4 Bd5 46. Ba3
Bc7 47. Bc1 Bd6 48. Bd2 Be6 49. Kd1 Bc7 50. Ke2 Bc4+ 51. Kd1 Be5 52. Bb4 Bd5
53. Ke2 b2 54. Bd2 Be6 55. Kd1 Bb3+ 56. Ke2 Ke6 57. Kd3 Kd5 58. Bc3 Bd1 59.
Bxe5 Kxe5 60. Kc3 Bxf3 61. Bxg6 Be4 62. Bxe4 Kxe4 63. Kxb2 Kf5 0-1

[Event "9th NATO Chess Championship"]
[Site "Portsmouth"]
[Date "1998.10.05"]
[Round "1"]
[White "Parnet, Arnaud"]
[Black "Gross"]
[Result "0-1"]
[WhiteElo "1990"]
[BlackElo "2340"]
[PlyCount "76"]
[EventDate "1998.10.??"]
[EventType "swiss"]
[EventRounds "7"]
[EventCountry "ENG"]
[SourceDate "2005.09.12"]

1. c4 Nf6 2. Nc3 g6 3. Nf3 Bg7 4. g3 O-O 5. Bg2 d6 6. O-O Nc6 7. d4 a6 8. b3
Rb8 9. Bb2 b5 10. cxb5 axb5 11. Ng5 Na5 12. Qd3 c5 13. Nxb5 Ba6 14. a4 Nd7 15.
Rab1 e5 16. Ne4 Bxb5 17. axb5 cxd4 18. Ba3 d5 19. Nc5 Re8 20. Na6 e4 21. Qd2
Rxb5 22. b4 Nc4 23. Qa2 Qb6 24. Nc5 Nde5 25. Rb3 Ra8 26. Rfb1 Qc7 27. f4 Nd7
28. Bf1 Nxc5 29. bxc5 Rba5 30. Rb7 Rxa3 31. Qxa3 Qxb7 32. Rxb7 Nxa3 33. c6 Rc8
34. c7 Bf8 35. Bh3 f5 36. g4 d3 37. exd3 exd3 38. Rb8 Rxc7 0-1

[Event "9th NATO Chess Championship"]
[Site "Portsmouth"]
[Date "1998.10.05"]
[Round "1"]
[White "Plumanns, Dieter"]
[Black "Hortillosa, Andres"]
[Result "0-1"]
[WhiteElo "2206"]
[BlackElo "1923"]
[PlyCount "90"]
[EventDate "1998.10.??"]
[EventType "swiss"]
[EventRounds "7"]
[EventCountry "ENG"]
[SourceDate "2005.09.12"]

1. e4 c5 2. Nf3 Nc6 3. d4 cxd4 4. Nxd4 g6 5. c4 Bg7 6. Be3 Nf6 7. Nc3 Ng4 8.
Qxg4 Nxd4 9. Qd1 e5 10. Bd3 O-O 11. O-O d6 12. f4 f5 13. Nd5 Be6 14. Qd2 Qd7
15. Rae1 Rf7 16. Qa5 Nc6 17. Qa3 Raf8 18. b4 b6 19. Bb1 exf4 20. Bxf4 fxe4 21.
Bxe4 Kh8 22. Qg3 Nd4 23. Qh4 Nf5 24. Bxf5 Rxf5 25. Ne3 Bd4 26. Bh6 Rxf1+ 27.
Rxf1 Rxf1+ 28. Kxf1 Qf7+ 29. Ke1 Bf6 30. Qe4 Bc3+ 31. Ke2 Bxb4 32. Qa8+ Qg8 33.
Qxa7 Bxc4+ 34. Kd1 Bxa2 35. Qxb6 Bc5 36. Qc7 Bb3+ 37. Kd2 Bb4+ 38. Ke2 Ba4 39.
Bg5 Bb5+ 40. Kf3 Qf8+ 41. Kg3 Be1+ 42. Kh3 Bd3 43. Qc1 Bf5+ 44. g4 Bxg4+ 45.
Kxg4 h5+ 0-1

[Event "9th NATO Chess Championship"]
[Site "Portsmouth"]
[Date "1998.10.05"]
[Round "1"]
[White "Schunke, (GER)."]
[Black "Stuhr, Finn"]
[Result "1/2-1/2"]
[WhiteElo "2035"]
[BlackElo "1687"]
[PlyCount "61"]
[EventDate "1998.10.??"]
[EventType "swiss"]
[EventRounds "7"]
[EventCountry "ENG"]
[SourceDate "2005.09.12"]

1. Nf3 b6 2. e4 Bb7 3. d3 g6 4. g3 Bg7 5. Bg2 d5 6. O-O e6 7. Nbd2 Nd7 8. Re1
Ne7 9. e5 c5 10. Nf1 O-O 11. h4 Qc7 12. Bf4 Rac8 13. N1h2 d4 14. g4 Nd5 15. Bg3
Rce8 16. g5 Ne7 17. Qd2 Nf5 18. Qf4 h5 19. Re2 b5 20. Rae1 Nb6 21. Nd2 Bxg2 22.
Kxg2 Nd5 23. Qf3 Nb4 24. a3 Nxg3 25. Qxg3 Nd5 26. Nhf1 Rc8 27. Qf3 Qc6 28. Re4
a5 29. Ng3 Rfd8 30. Kh3 Qb6 31. a4 1/2-1/2

[Event "9th NATO Chess Championship"]
[Site "Portsmouth"]
[Date "1998.10.05"]
[Round "1"]
[White "Steffers, Hendrik"]
[Black "Nielsen, Henrik"]
[Result "1/2-1/2"]
[WhiteElo "1864"]
[BlackElo "2095"]
[PlyCount "53"]
[EventDate "1998.10.??"]
[EventType "swiss"]
[EventRounds "7"]
[EventCountry "ENG"]
[SourceDate "2005.09.12"]

1. d4 d5 2. c4 c6 3. e3 Nf6 4. Nc3 e6 5. Nf3 Bd6 6. Be2 Nbd7 7. O-O O-O 8. Qb3
Re8 9. Bd2 dxc4 10. Bxc4 Nb6 11. Be2 e5 12. dxe5 Bxe5 13. Rfd1 Bc7 14. Be1 Qe7
15. Qc2 Bg4 16. h3 Bh5 17. Nd4 Qe5 18. Nf3 Bxf3 19. Bxf3 Qh2+ 20. Kf1 Nc4 21.
Ne4 Ne5 22. Nxf6+ gxf6 23. Qf5 Nxf3 24. Qxf3 Qe5 25. Bc3 Qb5+ 26. Kg1 Be5 27.
Bxe5 1/2-1/2

[Event "9th NATO Chess Championship"]
[Site "Portsmouth"]
[Date "1998.10.05"]
[Round "1"]
[White "Tia, Rudy G"]
[Black "Foulds, Andrew"]
[Result "1-0"]
[WhiteElo "2055"]
[BlackElo "1760"]
[PlyCount "55"]
[EventDate "1998.10.??"]
[EventType "swiss"]
[EventRounds "7"]
[EventCountry "ENG"]
[SourceDate "2005.09.12"]

1. Nf3 Nf6 2. g3 e6 3. Bg2 d5 4. d3 c5 5. O-O Nc6 6. Nbd2 Be7 7. e4 O-O 8. Re1
b6 9. e5 Nd7 10. Nf1 h6 11. h4 Qc7 12. Bf4 Re8 13. Ne3 Bf8 14. Nxd5 exd5 15. e6
Nde5 16. exf7+ Qxf7 17. Nxe5 Nxe5 18. Rxe5 Be6 19. Re1 Rad8 20. c3 Bd6 21. Bxd6
Rxd6 22. d4 Rf8 23. Qd2 c4 24. Re5 Qd7 25. Rae1 Rf6 26. R1e3 Qf7 27. Qe2 Qg6
28. Rxe6 1-0

[Event "9th NATO Chess Championship"]
[Site "Portsmouth"]
[Date "1998.10.05"]
[Round "1"]
[White "Toll, Alec J"]
[Black "McInnes, Neil"]
[Result "1-0"]
[WhiteElo "2100"]
[BlackElo "1887"]
[PlyCount "80"]
[EventDate "1998.10.??"]
[EventType "swiss"]
[EventRounds "7"]
[EventCountry "ENG"]
[SourceDate "2005.09.12"]

1. Nc3 d6 2. e4 Nf6 3. Bc4 c6 4. d3 e5 5. Bg5 Be7 6. Bb3 Na6 7. Nge2 Nc5 8. O-O
O-O 9. Ng3 b5 10. Nce2 Nxb3 11. axb3 d5 12. Nf5 Bxf5 13. exf5 Nd7 14. Bxe7 Qxe7
15. Qd2 b4 16. Ra6 c5 17. Ng3 Nb6 18. f6 Qxf6 19. Rfa1 g6 20. Qe3 Qe7 21. f4 f5
22. Qxe5 Qd7 23. Qe3 d4 24. Qf3 Nd5 25. Nf1 Rfe8 26. g3 Re6 27. R6a5 Rc6 28.
Nd2 Ne3 29. Nc4 Nxc4 30. bxc4 Rac8 31. Rxa7 R6c7 32. R7a6 Qe7 33. Qd5+ Kg7 34.
Re6 Qf7 35. Qe5+ Kg8 36. b3 Qg7 37. Qd5 Qf7 38. Rae1 Rd7 39. Qe5 Rdc7 40. Rf6
Qd7 {Time} 1-0

[Event "9th NATO Chess Championship"]
[Site "Portsmouth"]
[Date "1998.10.05"]
[Round "1"]
[White "Van Diermen, Henk"]
[Black "Hater, David"]
[Result "0-1"]
[WhiteElo "1760"]
[BlackElo "2050"]
[PlyCount "168"]
[EventDate "1998.10.??"]
[EventType "swiss"]
[EventRounds "7"]
[EventCountry "ENG"]
[SourceDate "2005.09.12"]

1. c4 Nf6 2. Nc3 d5 3. cxd5 Nxd5 4. g3 g6 5. Bg2 Nxc3 6. bxc3 Bg7 7. Nf3 O-O 8.
O-O Nd7 9. d4 c5 10. e4 cxd4 11. cxd4 Nb6 12. Qd3 Bg4 13. Be3 Qd7 14. Rac1 Rfd8
15. Rfd1 Qa4 16. Qb3 Qxb3 17. axb3 Rac8 18. h3 Rxc1 19. Rxc1 Bxf3 20. Bxf3 Bxd4
21. Bxd4 Rxd4 22. Rc7 Rd7 23. Rc3 Kf8 24. Be2 a6 25. Bg4 e6 26. f4 Ke7 27. Bf3
Kd8 28. Kf2 Rc7 29. Rd3+ Nd7 30. Ke3 Rc5 31. e5 Rb5 32. Be2 Rb4 33. Rc3 Nb6 34.
Bf3 Nd5+ 35. Bxd5 exd5 36. Kf3 Kd7 37. Kg4 d4 38. Rd3 Ke6 39. h4 Kd5 40. Kf3 a5
41. Ke2 b5 42. Kd2 Ke4 43. Kc2 a4 44. bxa4 Rc4+ 45. Kd2 bxa4 46. Ra3 Rb4 47.
Kc2 Kd5 48. Kd2 Kc4 49. Kc2 Kb5 50. Rd3 Rc4+ 51. Kb2 Kb4 52. Ka2 Kc5 53. h5 Rc3
54. hxg6 hxg6 55. Rd1 Rxg3 56. Rc1+ Rc3 57. Rb1 Kd5 58. Rb7 Ke6 59. Rb6+ Kd5
60. Rb7 d3 61. Rxf7 Ke4 62. e6 Rc8 63. Rd7 Re8 64. e7 Kxf4 65. Rxd3 Rxe7 66.
Rd1 Ra7 67. Ka3 g5 68. Rf1+ Kg4 69. Rg1+ Kh5 70. Rh1+ Kg6 71. Rg1 Kf5 72. Rf1+
Ke4 73. Re1+ Kf3 74. Rf1+ Kg2 75. Rf6 g4 76. Rg6 g3 77. Rg8 Rf7 78. Kxa4 Kf2
79. Rc8 g2 80. Rc2+ Kg3 81. Rc3+ Rf3 82. Rc1 Rf1 83. Rc3+ Kg4 84. Rc8 g1=Q 0-1

[Event "9th NATO Chess Championship"]
[Site "Portsmouth"]
[Date "1998.10.05"]
[Round "1"]
[White "Van Zandwijk, Jan Peter"]
[Black "Cappon, Kaan"]
[Result "1-0"]
[WhiteElo "2048"]
[BlackElo "1690"]
[PlyCount "33"]
[EventDate "1998.10.??"]
[EventType "swiss"]
[EventRounds "7"]
[EventCountry "ENG"]
[SourceDate "2005.09.12"]

1. e4 e5 2. Nc3 Nf6 3. Bc4 Bc5 4. d3 Nc6 5. f4 d6 6. f5 Bxg1 7. Rxg1 b6 8. g4
Bb7 9. g5 Ng8 10. Qh5 Qd7 11. g6 O-O-O 12. gxf7 Nf6 13. Qh3 d5 14. Nxd5 Nxd5
15. Bxd5 Kb8 16. Rxg7 Nd4 17. f8=Q 1-0